zpět

Detail výsledku týmu

Koruna, Břeclav

Datum a čas kvízu

22.5 Celkem bodů Celkový počet nahraných bodů na tomto kvízu bez doplňovacích otázek.
7. Pořadí na kvízu Konečné umístění týmu na tomto kvízu.

Zaznamenané odpovědi

# Otázka Odpověď Body Výsledky
1. Česká televize chtěla ve čtvrt... Hamáčkův hlas zněl velmi hluboko. 0
2. Rusko začalo distribuovat prvn... Sputnik 0
3. Den po sobě, ve středu a ve čt... Hugh Grant, Colin Firth 0.5
4. Americký technologický gigant... Intel 1
5. Velká cena Itálie v Monze měla... Pierre Gasly 0
6. Nobelova cena je od roku 1901... ekonomie 0
7. Pouze dvěma Čechům v historii... Jaroslav Heyrovský, Jaroslav Seifert 0.5
8. Dva laureáti Nobelovy ceny za... Boris Pasternak, Jean-Paul Sartre 0
9. Přiřaďte laureáty Nobelových c... 1C 2A 3B 4D 0
10. Vyberte nepravdivé tvrzení o p... C 0